Avengers: Endgame - Character Contributions Quiz Stats

 Plays Quiz not verified by Sporcle

Score 0/18 Timer 06:00
2 Plays Today
% Correct
Black Widow
93.2%
The Ancient One
92.2%
Captain America
92.1%
Captain Marvel
91.7%
Ant Man
91.3%
Iron Man
90.7%
Nebula
90.2%
Thor
90.2%
Falcon
89.7%
% Correct
Rocket
89.2%
The Hulk
88.9%
Loki
88.7%
Spider-Man
87.9%
Thanos
87.5%
Hawkeye
85.4%
Dr. Strange
84.7%
Gamora
81.9%
War Machine
81%

You're not logged in!

Compare scores with friends on all Sporcle quizzes.
OR
Log In

Show Comments

Extras

Top Quizzes Today


Score Distribution

Your Account Isn't Verified!

In order to create a playlist on Sporcle, you need to verify the email address you used during registration. Go to your Sporcle Settings to finish the process.

Report this User

Report this user for behavior that violates our Community Guidelines.

Details: